[Event "Rowy op 09"]
[Site "Rowy"]
[Date "2012.09.??"]
[Round "8"]
[White "Juraszewski, Mieczyslaw"]
[Black "Pilecki, Jozef"]
[Result "1-0"]
[WhiteElo "1726"]
[BlackElo "1416"]
[PlyCount "57"]
[EventDate "2012.09.??"]
[EventType "swiss"]
[EventRounds "9"]
[EventCountry "POL"]
[SourceTitle "EXT 2014"]
[Source "ChessBase"]
[SourceDate "2013.11.20"]
[SourceVersion "1"]
[SourceVersionDate "2013.11.20"]
[SourceQuality "1"]

1. d4 Nf6 2. Nf3 d6 3. c4 Bf5 4. Nc3 Nbd7 5. Bg5 h6 6. Bxf6 Nxf6 7. e3 e6 8. Rc1 Ne4 9. Qa4+ Qd7 10. Qb3 c6 11. Be2 Be7 12. 0-0 0-0 13. h3 Rab8 14. Qd1 d5 15. cxd5 exd5 16. Ne5 Qe6 17. Na4 f6 18. Nf3 b6 19. Bd3 b5 20. Nc3 c5 21. Ne2 c4 22. Bb1 Bd6 23. Nh4 Bxh3 24. gxh3 Qxh3 25. f4 Qxh4 26. Bxe4 dxe4 27. Rf2 f5 28. Rh2 Qg3+ 29. Nxg3 1-0

[Event "Rowy op 09"]
[Site "Rowy"]
[Date "2012.09.??"]
[Round "2"]
[White "Pilecki, Jozef"]
[Black "Jasinska Kuzia, Lidia"]
[Result "0-1"]
[WhiteElo "1416"]
[BlackElo "1670"]
[PlyCount "56"]
[EventDate "2012.09.??"]
[EventType "swiss"]
[EventRounds "9"]
[EventCountry "POL"]
[SourceTitle "EXT 2014"]
[Source "ChessBase"]
[SourceDate "2013.11.20"]
[SourceVersion "1"]
[SourceVersionDate "2013.11.20"]
[SourceQuality "1"]

1. e4 c5 2. d4 cxd4 3. Qxd4 Nc6 4. Qd1 Nf6 5. Nc3 e6 6. a3 a6 7. Bc4 b5 8. Ba2 b4 9. axb4 Bxb4 10. Bd2 Bxc3 11. Bxc3 Nxe4 12. Qf3 Nxc3 13. Qxc3 Qg5 14. g3 0-0 15. Nf3 Qh5 16. 0-0 Bb7 17. Bc4 Rfc8 18. Be2 Ne7 19. Qd3 Qc5 20. c3 Qd5 21. Qxd5 Nxd5 22. Rfd1 a5 23. c4 Nb6 24. b3 d5 25. cxd5 Bxd5 26. Rab1 Rc3 27. Rd3 Rxd3 28. Bxd3 Bxf3 0-1

[Event "POL-ch disabled"]
[Site "Rowy"]
[Date "2009.09.07"]
[Round "9.36"]
[White "Pilecki, Jozef"]
[Black "Zarow, Elzbieta"]
[Result "0-1"]
[WhiteElo "1455"]
[BlackElo "1523"]
[PlyCount "30"]
[EventDate "2009.09.01"]
[EventType "swiss"]
[EventRounds "9"]
[EventCountry "POL"]
[SourceTitle "EXT 2023"]
[Source "ChessBase"]
[SourceDate "2022.10.05"]
[SourceVersion "1"]
[SourceVersionDate "2022.10.05"]
[SourceQuality "1"]

1. e4 c5 2. Bc4 e6 3. a3 Nf6 4. d3 h6 5. Nc3 a6 6. Bb3 Nc6 7. Be3 b5 8. Qd2 Nd4 9. Bxd4 cxd4 10. Nce2 e5 11. Nf3 d6 12. h3 a5 13. 0-0 a4 14. Ba2 Be7 15. Qb4 Bd7 0-1